[Event "ECU-ch U18"]
[Site "Riobamba"]
[Date "2023.04.12"]
[Round "1"]
[White "Gonzabay Vidal, Nick Steven"]
[Black "Bedon Palacios, Kevin David"]
[Result "1-0"]
[WhiteElo "1561"]
[BlackElo "1184"]
[PlyCount "65"]
[EventDate "2023.04.12"]
[EventType "swiss"]
[EventRounds "9"]
[EventCountry "ECU"]
[SourceTitle "EXT 2024"]
[Source "ChessBase"]
[SourceDate "2023.10.10"]
[SourceVersion "1"]
[SourceVersionDate "2023.10.10"]
[SourceQuality "1"]

1. d4 Nf6 2. Bf4 d6 3. Nf3 b6 4. e3 Nbd7 5. Be2 Bb7 6. h3 e6 7. 0-0 Be7 8. c4 c5 9. Nc3 a6 10. Rc1 Qc7 11. Qd2 0-0 12. Rfd1 Rfd8 13. Bh2 Rac8 14. b3 h6 15. Ne1 Kh8 16. Bf3 Nh7 17. Bxb7 Qxb7 18. d5 e5 19. f4 g5 20. Nf3 gxf4 21. exf4 f6 22. fxe5 fxe5 23. Qxh6 Rg8 24. Ne4 Qc7 25. Rf1 Rg7 26. Nh4 Rcg8 27. Rc2 Bxh4 28. Qxh4 Rg6 29. Rf7 R8g7 30. Rcf2 Qc8 31. Rxg7 Kxg7 32. Qe7+ Kh8 33. Nxd6 1-0

[Event "South America-ch U14 17th"]
[Site "Guayaquil"]
[Date "2022.01.27"]
[Round "4"]
[White "Gonzabay Vidal, Nick Steven"]
[Black "Ilasaca Gaona, Owen Hisahito"]
[Result "1-0"]
[WhiteElo "1444"]
[BlackElo "1544"]
[PlyCount "53"]
[EventDate "2022.01.25"]
[EventType "swiss"]
[EventRounds "9"]
[EventCountry "ECU"]
[SourceTitle "CBM 206 Extra"]
[Source "ChessBase"]
[SourceDate "2022.03.31"]
[SourceVersion "1"]
[SourceVersionDate "2022.03.31"]
[SourceQuality "1"]

1. Nf3 Nf6 2. b3 g6 3. Bb2 Bg7 4. d4 0-0 5. e3 d6 6. Be2 Bg4 7. Nbd2 Nbd7 8. h3 Bxf3 9. Bxf3 c6 10. g4 e5 11. Qe2 a5 12. 0-0-0 a4 13. h4 axb3 14. axb3 Qc7 15. h5 c5 16. g5 Ne8 17. hxg6 hxg6 18. Qf1 Nb6 19. Qh3 f5 20. dxe5 Bxe5 21. Bxe5 dxe5 22. Qh8+ Kf7 23. Rh7+ Ke6 24. Qxf8 Qxh7 25. Qxc5 Ra6 26. Be2 Nd7 27. Bc4# 1-0

[Event "South America-ch U14 17th"]
[Site "Guayaquil"]
[Date "2022.01.26"]
[Round "3"]
[White "Leon Tuarez, Jonathan Jafet"]
[Black "Gonzabay Vidal, Nick Steven"]
[Result "0-1"]
[WhiteElo "1109"]
[BlackElo "1444"]
[PlyCount "70"]
[EventDate "2022.01.25"]
[EventType "swiss"]
[EventRounds "9"]
[EventCountry "ECU"]
[SourceTitle "CBM 206 Extra"]
[Source "ChessBase"]
[SourceDate "2022.03.31"]
[SourceVersion "1"]
[SourceVersionDate "2022.03.31"]
[SourceQuality "1"]

1. d4 Nf6 2. c4 g6 3. Nc3 d5 4. cxd5 Nxd5 5. e4 Nxc3 6. bxc3 Bg7 7. Nf3 c5 8. Rb1 0-0 9. Be3 Nc6 10. Be2 Qc7 11. 0-0 Rd8 12. d5 Ne5 13. Nxe5 Bxe5 14. c4 Bxh2+ 15. Kh1 Bf4 16. Qd2 Bxe3 17. Qxe3 b6 18. Rfd1 h5 19. e5 f6 20. Qh6 Bf5 21. exf6 exf6 22. Rb3 Rd7 23. Bf3 Re8 24. d6 Rxd6 25. Rxd6 Re1+ 26. Kh2 Qxd6+ 27. g3 Kf7 28. Bd5+ Ke8 29. Qd2 Qe5 30. Ra3 a5 31. Rb3 Re2 32. Bc6+ Ke7 33. Qd1 Rxf2+ 34. Kg1 Re2 35. Kf1 Bh3+ 0-1

[Event "ECU-ch Qual Blitz"]
[Site "Chess.com INT"]
[Date "2021.06.25"]
[Round "9"]
[White "Montano Velasco, Matias Khaleb"]
[Black "Gonzabay Vidal, Nick Steven"]
[Result "1-0"]
[WhiteElo "1625"]
[BlackElo "1927"]
[PlyCount "39"]
[EventDate "2021.06.25"]
[EventType "swiss (blitz)"]
[EventRounds "9"]
[EventCountry "ECU"]
[SourceTitle "CBM 203 Extra"]
[Source "ChessBase"]
[SourceDate "2021.09.30"]
[SourceVersion "1"]
[SourceVersionDate "2021.09.30"]
[SourceQuality "1"]

1. c4 Nf6 2. Nc3 g6 3. g3 d5 4. cxd5 Nxd5 5. d4 Bg7 6. Bg2 Nxc3 7. bxc3 c5 8. Nf3 Nc6 9. 0-0 0-0 10. Ba3 cxd4 11. cxd4 Re8 12. e3 Qa5 13. Bc5 b6 14. Ne5 Bxe5 15. Bxc6 bxc5 16. Bxe8 Ba6 17. dxe5 Bxf1 18. Bxf7+ Kxf7 19. Qd5+ e6 20. Qb7+ 1-0

[Event "Preinscritos IRT Online"]
[Site "Chess.com INT"]
[Date "2020.12.26"]
[Round "10"]
[White "Gonzabay Vidal, Nick Steven"]
[Black "Garcia Jaramillo, Yasser"]
[Result "0-1"]
[WhiteElo "1852"]
[BlackElo "1592"]
[PlyCount "42"]
[EventDate "2020.12.26"]
[EventType "swiss"]
[EventRounds "11"]
[EventCountry "ECU"]
[SourceTitle "CBM 200 Extra"]
[Source "ChessBase"]
[SourceDate "2021.03.31"]
[SourceVersion "1"]
[SourceVersionDate "2021.03.31"]
[SourceQuality "1"]

1. d4 f5 2. c4 Nf6 3. Nc3 e6 4. e3 c6 5. Bd3 d5 6. Nf3 Bd6 7. 0-0 0-0 8. a3 Nbd7 9. b4 Ne4 10. Nd2 Nxc3 11. Qc2 Ne4 12. f3 Nxd2 13. Bxd2 Qh4 14. f4 Nf6 15. Rf3 Ne4 16. Be1 Qf6 17. Rh3 h6 18. Bh4 Qf7 19. Bxe4 fxe4 20. Rf1 e5 21. dxe5 Bxh3 0-1

[Event "ECU-ch Schools U13 Clas1"]
[Site "Chess.com INT"]
[Date "2020.11.18"]
[Round "7"]
[White "Gonzabay Vidal, Nick Steven"]
[Black "Cajamarca Gordillo, Sebastian Alejandro"]
[Result "1-0"]
[WhiteElo "1407"]
[BlackElo "1224"]
[PlyCount "123"]
[EventDate "2020.11.18"]
[EventType "swiss"]
[EventRounds "9"]
[EventCountry "ECU"]
[SourceTitle "CBM 199 Extra"]
[Source "ChessBase"]
[SourceDate "2021.01.31"]
[SourceVersion "1"]
[SourceVersionDate "2021.01.31"]
[SourceQuality "1"]

1. d4 Nf6 2. c4 c5 3. d5 b5 4. cxb5 a6 5. bxa6 Bxa6 6. Nc3 d6 7. g3 Nbd7 8. e4 Bxf1 9. Kxf1 g6 10. Kg2 Bg7 11. h3 0-0 12. Nge2 Qa5 13. Qc2 Rfb8 14. b3 Nxe4 15. Bb2 Nxc3 16. Bxc3 Qb6 17. Bxg7 Kxg7 18. Nc3 Nf6 19. Rhe1 Qb7 20. Kh2 Re8 21. Qd3 Ra6 22. Re2 e6 23. Rae1 e5 24. f4 e4 25. Nxe4 Nxe4 26. Rxe4 Rxe4 27. Rxe4 Rxa2+ 28. Kg1 Qa7 29. Qc3+ f6 30. Re6 c4+ 31. Kh1 Ra1+ 32. Kg2 Ra2+ 33. Kf3 Rf2+ 34. Kg4 h5+ 35. Kh4 Qf7 36. bxc4 Ra2 37. Rxd6 Rg2 38. g4 hxg4 39. hxg4 Rh2+ 40. Kg3 Ra2 41. g5 Kg8 42. Qxf6 Qxf6 43. Rxf6 Ra4 44. Rxg6+ Kf7 45. Rf6+ Kg7 46. c5 Ra5 47. Rc6 Kf7 48. d6 Ke6 49. g6 Ra8 50. Kg4 Rg8 51. f5+ Kf6 52. d7+ Ke7 53. Rd6 Rd8 54. Kg5 Kf8 55. f6 Kg8 56. f7+ Kg7 57. c6 Rc8 58. Kg4 Rd8 59. c7 Kh6 60. cxd8Q Kg7 61. Qf6+ Kf8 62. g7# 1-0

[Event "ECU-ch Schools U13 Clas1"]
[Site "Chess.com INT"]
[Date "2020.11.18"]
[Round "6"]
[White "Ulloa Centeno, Luis Manuel"]
[Black "Gonzabay Vidal, Nick Steven"]
[Result "0-1"]
[WhiteElo "1180"]
[BlackElo "1407"]
[PlyCount "58"]
[EventDate "2020.11.18"]
[EventType "swiss"]
[EventRounds "9"]
[EventCountry "ECU"]
[SourceTitle "CBM 199 Extra"]
[Source "ChessBase"]
[SourceDate "2021.01.31"]
[SourceVersion "1"]
[SourceVersionDate "2021.01.31"]
[SourceQuality "1"]

1. d4 Nf6 2. Bf4 g6 3. Nf3 d5 4. e3 Bg7 5. Bd3 0-0 6. 0-0 c5 7. c3 cxd4 8. exd4 Nc6 9. Nbd2 a6 10. h3 b5 11. Ne5 Bb7 12. Bh2 Nxe5 13. dxe5 Ne4 14. f3 Qb6+ 15. Kh1 Nf2+ 16. Rxf2 Qxf2 17. Bg1 Qh4 18. Bd4 f6 19. Nb3 fxe5 20. Bc5 e4 21. Be2 d4 22. Nxd4 Bxd4 23. Bxd4 exf3 24. Qb3+ Rf7 25. Bd3 fxg2+ 26. Kg1 Qxh3 27. Bf5 Qxf5 28. Kh2 Qh5+ 29. Kg1 Qh1# 0-1

[Event "ECU-ch Schools U15 Clas2"]
[Site "Chess.com INT"]
[Date "2020.11.07"]
[Round "2"]
[White "Gonzabay Vidal, Nick Steven"]
[Black "Ubilluz Pena, Jaiden Andres"]
[Result "0-1"]
[WhiteElo "1407"]
[BlackElo "1324"]
[PlyCount "74"]
[EventDate "2020.11.07"]
[EventType "swiss"]
[EventRounds "9"]
[EventCountry "ECU"]
[SourceTitle "EXT 2022"]
[Source "ChessBase"]
[SourceDate "2021.10.06"]
[SourceVersion "1"]
[SourceVersionDate "2021.10.06"]
[SourceQuality "1"]

1. d4 Nf6 2. c4 g6 3. Nc3 Bg7 4. e4 d6 5. Be3 0-0 6. Nf3 e5 7. dxe5 dxe5 8. Be2 Nc6 9. 0-0 Be6 10. a3 Qe7 11. b4 Rad8 12. Qc2 Nd4 13. Bxd4 exd4 14. Nd5 Bxd5 15. exd5 Rfe8 16. Rfe1 c6 17. dxc6 bxc6 18. Rad1 c5 19. Bf1 Qc7 20. Rxe8+ Nxe8 21. b5 Nd6 22. a4 Re8 23. g4 Ne4 24. Bg2 Qf4 25. h3 f5 26. gxf5 gxf5 27. Qc1 Qxc1 28. Rxc1 Nc3 29. Ra1 Re2 30. Nh4 d3 31. Bf1 f4 32. Bxe2 Nxe2+ 33. Kf1 Bxa1 34. Nf3 Bc3 35. h4 h6 36. h5 Nd4 37. Nh2 d2 0-1

[Event "ECU-ch Schools U15 Clas2"]
[Site "Chess.com INT"]
[Date "2020.11.07"]
[Round "6"]
[White "Obaco Cuenca, Dalthon Farid"]
[Black "Gonzabay Vidal, Nick Steven"]
[Result "1-0"]
[WhiteElo "1309"]
[BlackElo "1407"]
[PlyCount "75"]
[EventDate "2020.11.07"]
[EventType "swiss"]
[EventRounds "9"]
[EventCountry "ECU"]
[SourceTitle "EXT 2022"]
[Source "ChessBase"]
[SourceDate "2021.10.06"]
[SourceVersion "1"]
[SourceVersionDate "2021.10.06"]
[SourceQuality "1"]

1. e4 c5 2. Nf3 d6 3. d4 cxd4 4. Nxd4 Nf6 5. Nc3 g6 6. Bc4 Bg7 7. Be3 0-0 8. Qd2 Nc6 9. f3 Bd7 10. 0-0 Rc8 11. Bb3 Ne5 12. Rad1 Nc4 13. Bxc4 Rxc4 14. b3 Rc8 15. Nd5 Nxd5 16. exd5 b5 17. Rfe1 Qc7 18. Bf4 Rfe8 19. Re2 Qc5 20. Be3 Qxd5 21. c3 e5 22. Nc2 Qxd2 23. Rdxd2 Rxc3 24. Rxd6 Bf5 25. Nb4 a5 26. Nd5 Rd3 27. g4 Bf8 28. Nf6+ Kh8 29. Nxe8 Bxd6 30. Nxd6 Rxd6 31. gxf5 gxf5 32. Bc5 Re6 33. Kf2 Kg7 34. Re1 Kf6 35. Ke3 Rc6 36. Rc1 Ke6 37. f4 Kd5 38. Ba3 1-0

[Event "ECU-ch Schools U15 Clas1"]
[Site "Chess.com INT"]
[Date "2020.11.05"]
[Round "5"]
[White "Gonzabay Vidal, Nick Steven"]
[Black "Guaraca Pintado, Juan Pablo"]
[Result "0-1"]
[WhiteElo "1407"]
[BlackElo "1828"]
[PlyCount "64"]
[EventDate "2020.11.05"]
[EventType "swiss"]
[EventRounds "9"]
[EventCountry "ECU"]
[SourceTitle "EXT 2022"]
[Source "ChessBase"]
[SourceDate "2021.10.06"]
[SourceVersion "1"]
[SourceVersionDate "2021.10.06"]
[SourceQuality "1"]

1. d4 Nf6 2. c4 c5 3. d5 b5 4. cxb5 a6 5. bxa6 g6 6. g3 Bg7 7. Bg2 d6 8. Nf3 0-0 9. 0-0 Bxa6 10. Re1 Nbd7 11. h3 Nb6 12. e4 Nfd7 13. Nc3 Nc4 14. Bf4 Nxb2 15. Qc2 Nd3 16. Re3 c4 17. Rb1 Qa5 18. Nd1 N7c5 19. g4 Nxf4 20. Bf1 Nfd3 21. Nd2 Bd4 22. Rg3 c3 23. Bxd3 Nxd3 24. Rxd3 Bxd3 25. Qxd3 cxd2 26. Qxd4 Qxa2 27. Rb2 Qa1 28. Rxd2 Ra4 29. Qxa1 Rxa1 30. Kg2 Rc8 31. Ne3 Ra3 32. Nc2 Ra2 0-1